000
00286nam a2200121Ia 4500
008
231129s9999||||xx |||||||||||||| ||spa||
040
_b
spa
082
_a
808.83872 K69c
100
_a
Knight C.
245
0
_a
El caso del hombre desfalleciente
264
_a
Albatros
942
_2
ddc
_c
BKS
999
_c
10521
_d
10521